Statistiques concernant Tableau des médailles JO d'hiver

Cliquez ici pour prendre le quiz!

Statistiques générales

  • Ce quiz a été pris 77 fois
  • Le résultat moyen est 17 sur 20

Statistiques - réponses

totalorargentbronzenation% Correct
124363553France
100%
58142222Japon
100%
62132821Chine
99%
30510511288Etats-unis
99%
29811110978Allemagne
97%
199736462Canada
97%
368132125111Norvège
96%
120473935Russie
95%
158574655Suède
95%
167436361Finlande
93%
124403648Italie
92%
153564552Suisse
92%
232648187Autriche
88%
703122514Corée du sud
88%
130454441Pays bas
78%
3211417Royaume uni
71%
194785759Union soviétique
71%
110393635Allemagne de l'Est
58%
3191111République tchèque
52%
252815Tchécoslovaquie
41%

Distribution des résultats

Percentile par nombre de réponses

% des personnes avec chaque résultat

Votre développement - résultats

Vous n’avez pas pris ce quiz